Central Library OPAC University of Rajshahi

John Stuart Mill / (Record no. 31920)

MARC details
000 -LEADER
fixed length control field 00808cam a22002771 4500
001 - CONTROL NUMBER
control field 31920
003 - CONTROL NUMBER IDENTIFIER
rucl marc code BD-RjUL
005 - DATE AND TIME OF LATEST TRANSACTION
control field 20211209051751.0
008 - FIXED-LENGTH DATA ELEMENTS--GENERAL INFORMATION
fixed length control field 140423s1933 enk 000 0 eng d
035 ## - SYSTEM CONTROL NUMBER
System control number (BD-RjUL) 32009
System control number (OCoLC)5016489
040 ## - CATALOGING SOURCE
Original cataloging agency DLC
Transcribing agency OCl
Modifying agency DLC
-- BD-RjUL
Language of cataloging eng
041 ## - LANGUAGE CODE
Language code of text/sound track or separate title eng
082 00 - DEWEY DECIMAL CLASSIFICATION NUMBER
Classification number 192
Author mark and year HAJ 1933
100 1# - MAIN ENTRY--PERSONAL NAME
Personal name Hamilton, Mary Agnes,
Dates associated with a name 1884-1966.
9 (RLIN) 97177
245 10 - TITLE STATEMENT
Title John Stuart Mill /
Statement of responsibility, etc. by Mary Agnes Hamilton.
260 ## - PUBLICATION, DISTRIBUTION, ETC. (IMPRINT)
Place of publication, distribution, etc. London :
Name of publisher, distributor, etc. H. Hamilton,
Date of publication, distribution, etc. 1933.
300 ## - PHYSICAL DESCRIPTION
Pagination 94 , [1 ] p. ;
Size 19 cm.
490 0# - SERIES STATEMENT
Series statement Makers of the new world
504 ## - BIBLIOGRAPHY, ETC. NOTE
Bibliography, etc Bibliography: 1 leaf at end.
600 10 - SUBJECT ADDED ENTRY--PERSONAL NAME
Personal name Mill, John Stuart,
Dates associated with a name 1806-1873.
830 ## - SERIES ADDED ENTRY--UNIFORM TITLE
Uniform title Makers of the new world
942 ## - ADDED ENTRY ELEMENTS (KOHA)
Source of classification or shelving scheme Dewey Decimal Classification
Koha item type Rare Books
Holdings
Lost status Source of classification or shelving scheme Damaged status Not for loan Collection code Permanent Location Current Location Shelving location Date acquired Source of acquisition Cost, normal purchase price Total Checkouts Full call number Date last seen Copy number Koha item type
  Dewey Decimal Classification   Not For Loan Rare Books Central Library, University of Rajshahi Central Library, University of Rajshahi Rare Book Section 09/11/1961 N/A 0.00   RA 192 HAJ 1933 23/04/2014 C-1 Books